000 00202nas a2200097Ia 4500
022 _a0007-1323
245 _aBRITISH JOURNAL OF SURGERY
260 _c2015
_aUK
_bWILEY
310 _aMonthly
942 _2ddc
_cLJ
999 _c6540
_d6540